<The> Penguin Spelling Dictionary

Saved in:
Bibliographic Details
Format: Book
Language:English
Published: London Penguin Books 1990
Edition:1. ed.
Tags: Add Tag
No Tags, Be the first to tag this record!

MARC

LEADER 00000nam a2200000 4500
001 c024804
005 20221215114305.5
041 0 |a eng 
044 |a GB 
245 1 0 |a <The> Penguin Spelling Dictionary 
250 |a 1. ed. 
264 1 |a London  |b Penguin Books  |c 1990 
300 |a 582 s.